Normal view
MARC view
- المكتبات - الاردن - مراكز المعلومات - الاردن -مؤتمرات
Entry Topical Term
001 - CONTROL NUMBER
- control field: 45924
003 - CONTROL NUMBER IDENTIFIER
- control field: JO-AjAnu
005 - DATE AND TIME OF LATEST TRANSACTION
- control field: 20230606081607.0
008 - FIXED-LENGTH DATA ELEMENTS
- fixed length control field: 230606|| aca||aabn | a|a d
040 ## - CATALOGING SOURCE
- Original cataloging agency: JO-AjAnu
- Transcribing agency: JO-AjAnu
150 ## - HEADING--TOPICAL TERM
- Topical term or geographic name entry element: المكتبات - الاردن - مراكز المعلومات - الاردن -مؤتمرات
670 ## - SOURCE DATA FOUND
- Source citation: Work cat.: (JO-AjAnu)23509: جمعية المكتبات والمعلومات الآردنية، جامعة البلقاء التطبيقية؛ إشراف امل محمد زاش, author 45923, وقائع المؤتمر الدولي الأول بعنوان المكتبات ومراكز المعلومات في بيئة رقمية متغيرة = Libraries and Information Centers in A Changing Digital Environment، عمان 24 - 26/ 12/1434هجري 29-31 / 10/ 2013م